000 00893nac a22002895a 4500
008 130826t2004 i a frb 001 0 eng d
020 _a8120312600
020 _a9788120312609
040 _aEG-ScBUE
_beng
_cEG-ScBUE
082 0 4 _a526.9
_bROY
_222
100 1 _aRoy ,S.K.
_933465
245 _afundamentals of Surveying /
_cS.K.Roy
260 _aDlehi, India:
_bPrentic-Hall Of India,
_cc.2004.
300 _a606 p. :
_bill. ;
_c25 cm.
500 _aIndex: p. 603-606.
504 _aIncludes Bibliographical reference.
590 _aMohamed Hussein
650 0 _aSurveying.
_933466
_2BUEsh
650 0 _aMathematics
650 0 _aArea measurement
651 _2BUEsh
653 _bENGGEN
_cAugust2015
942 _cBB
_k526.9ROY
_2ddc
_hRDA-MOD
999 _c2904
_d2904
336 _2rdacontent
_atext
_btxt
337 _aunmediated
_2rdamedia
_bn
338 _avolume
_bnc
_2rdacarrier